000 01730cam a2200229 4500500
005 20251228074200.0
041 _afre
042 _adc
100 1 0 _aBenedetto-Meyer, Marie
_eauthor
700 1 0 _aKlein, Nicolas
_eauthor
245 0 0 _aDu partage de connaissances au travail collaboratif : portées et limites des outils numériques
260 _c2017.
500 _a5
520 _aRésuméComment, dans une entreprise commerciale, faire collaborer des conseillers pour améliorer la relation client ? L'analyse d'une initiative lancée par une entreprise mobilisant progressivement des outils numériques dans ce sens, permet de s'interroger sur le rôle des outils dans la communication et de partage d'informations, et leur capacité à favoriser de nouvelles collaborations et le développement d'organisations plus coopératives et transversales.
520 _aFrom knowledge sharing to collaborative work: the scope and limitations of digital toolsHow can customer advisors be helped to collaborate in a bid to improve customer relations? By analyzing a company's gradual introduction of digital tools as part of a customer relations initiative, it has been possible to consider the role of such tools in the communication and sharing of information, indeed, in fostering new types of collaboration and the development of progressively cooperative, transversal organizations.
690 _aCOLLECTIF DE TRAVAIL
690 _aNUMÉRIQUE
690 _aOUTIL COLLABORATIF
690 _aRELATION CLIENT­ ENTRAIDE
786 0 _nSociologies pratiques | 34 | 1 | 2017-05-10 | p. 29-38 | 1235-9278
856 4 1 _uhttps://shs.cairn.info/revue-sociologies-pratiques-2017-1-page-29?lang=fr&redirect-ssocas=7080
999 _c1597030
_d1597030